Derecho internacional privado: teoría general
Saved in:
| Hovedforfatter: | |
|---|---|
| Format: | Bog |
| Sprog: | spansk |
| Udgivet: |
Santiago
Jurídica ConoSur
1994
|
| Fag: | |
| Tags: |
Tilføj Tag
Ingen Tags, Vær først til at tagge denne postø!
|
MARC
| LEADER | 00000nam a2200000 a 4500 | ||
|---|---|---|---|
| 001 | UCS7250 | ||
| 003 | CL-VaPUC | ||
| 008 | 971010e19940000CL |||||||||||||||||spa|d | ||
| 082 | 0 | 4 | |a 340.9 |b RAM |2 21 |
| 100 | |a Ramírez Necochea, Mario |e autor |9 560477 | ||
| 245 | 1 | 0 | |a Derecho internacional privado: teoría general |
| 300 | |a 177 p | ||
| 942 | |c BK | ||
| 945 | |d 19971010 00:00:00 |a jquezada | ||
| 260 | |a Santiago |b Jurídica ConoSur |c 1994 | ||
| 650 | 0 | |a Derecho internacional privado |9 256361 | |
| 650 | 0 | |a Tratados internacionales |9 256056 | |
| 650 | 0 | |a Jurisprudencia |9 255952 | |
| 583 | |a last modification |c 19971010 00:00:00 |k Rodrigo Vera | ||
| 999 | |c 262471 |d 262469 | ||
| 952 | |0 0 |1 0 |4 0 |6 340_900000000000000_RAM_1994 |7 0 |8 A |9 290985 |a BIBDER |b BIBDER |d 2019-11-19 |i 4090209 |l 2 |m 4 |o 340.9 RAM 1994 |p 4090209 |q 2025-12-31 |r 2020-03-20 |s 2020-03-20 |w 2019-11-19 |y BK |k DER | ||
| 952 | |0 0 |1 0 |4 0 |6 340_900000000000000_RAM_1994 |7 0 |8 A |9 290987 |a BIBDER |b BIBDER |d 2019-11-19 |i 4097742 |o 340.9 RAM 1994 |p 4097742 |r 2023-01-25 |w 2019-11-19 |y BK |k DER | ||
| 952 | |0 0 |1 0 |4 0 |6 340_900000000000000_RAM_1994 |7 0 |8 A |9 290988 |a BIBDER |b BIBDER |d 2019-11-19 |i 4097750 |o 340.9 RAM 1994 |p 4097750 |r 2023-01-25 |w 2019-11-19 |y BK |k DER | ||